ბათუმის შოთა რუსთაველის სახელმწიფო უნივერსიტეტის ბიბლიოთეკა

გიორგი მერჩულე. ქართველი მწერალი მეათე საუკუნისა (ბიბ.ჩანაწერი № 34796)

000 -LEADER
fixed length control field 01165nam a2200241Ia 4500
001 - CONTROL NUMBER
control field 606
003 - CONTROL NUMBER IDENTIFIER
control field GE_BSU
008 - FIXED-LENGTH DATA ELEMENTS--GENERAL INFORMATION
fixed length control field 181216s||||||||xx |||||||||||||| ||und||
040 ## - CATALOGING SOURCE
Transcribing agency GE_BSU
080 ## - UNIVERSAL DECIMAL CLASSIFICATION NUMBER
Universal Decimal Classification number 82-95(9479,22)
100 ## - MAIN ENTRY--PERSONAL NAME
Personal name ინგოროყვა, პავლე
245 ## - TITLE STATEMENT
Title გიორგი მერჩულე. ქართველი მწერალი მეათე საუკუნისა
245 ## - TITLE STATEMENT
Remainder of title ნარკვევი ძველი საქართველოს ლიტერატურის, კულტურის და სახელმწიფოებრივი ცხოვრების ისტორიიდან
260 ## - PUBLICATION, DISTRIBUTION, ETC.
Place of publication, distribution, etc. თბილისი
260 ## - PUBLICATION, DISTRIBUTION, ETC.
Name of publisher, distributor, etc. ,,საბჭოთა მწერალი'',
260 ## - PUBLICATION, DISTRIBUTION, ETC.
Date of publication, distribution, etc. 1954
300 ## - PHYSICAL DESCRIPTION
Extent 1125 გვ.
653 ## - INDEX TERM--UNCONTROLLED
Uncontrolled term გიორგი მერჩულე; საქართველოს ისტორია;
653 ## - INDEX TERM--UNCONTROLLED
Uncontrolled term ქართული კულტურის ისტორია;
653 ## - INDEX TERM--UNCONTROLLED
Uncontrolled term ქართული ლიტერატურის ისტორია;
942 ## - ADDED ENTRY ELEMENTS (KOHA)
Koha item type წიგნი
ეგზემპლარები
Withdrawn status Lost status Damaged status Not for loan Date acquired Barcode Date last seen Price effective from Koha item type
        2018-12-17 1353 2018-12-17 2018-12-17 წიგნი